Campus Law Enforcement Journal

Detalles Bibliográficos
Formato: Revista
Lenguaje:inglés
Publicado: West Hartford, CT : International Association of Campus Law Enforcement Administrators, 1971-
Materias:
Acceso en línea:http://www.vlex.com/source/7169

MARC

LEADER 00000nas a22000007a 4500
005 20130314172630.0
007 cr|||| ||||
008 130314c19719999xxubr|ps |||| 0|||a1eng d
022 |a 7390394  
035 |a 7169 
040 |a vLex 
090 |c 3918  |d 3918 
245 0 0 |a Campus Law Enforcement Journal  |h [Recurso electrn̤ico] 
256 |a Servicio en ln̕ea 
260 |a West Hartford, CT :  |b International Association of Campus Law Enforcement Administrators,  |c 1971- 
300 |a 1 Recurso electrn̤ico 
506 |d vLex Global  |d vLex Global (Academic Edition, excluding Law Schools)  |d vLex Global (U.S. Academic Edition, Law Schools)  |d vLex Global (U.S. Academic Edition, excluding Law Schools)  |d vLex Global (Academic Edition, Law Schools) 
650 0 4 |a Derecho  |v Revistas 
740 |a vLex Revista (Servicio en ln̕ea) 
856 |a Acceso restringido  |u http://www.vlex.com/source/7169 
942 |c REV 
999 0 |a Law